00350 a2200145 450000100060000002000180000604000370002410000160006124000300007724500250010730000070013236200090013944000320014865000240018076215 a9788569277033 cAnchieta - Colégio São Paulo aAdúm, Mel10aA lua cheia de ventolpor10aA lua cheia de vento a280 a2015 1aEditora Oguns Toques Negros 4aLiteratura infantil